000 00484nmm a2200169Ia 4500
008 251105s9999||||xx |||||||||||||||||und||
020 _a9788497426602
041 _aspa
100 _aEstévez, Francisco (ed.)
245 0 _aPoetas por sí mismos
264 _a[Madrid, España] :
_bBiblioteca Nueva,
_c2007
300 _a232 páginas
490 _aPoesía clásica y moderna
650 _aSpanish poetry
856 _uhttps://public.digitaliapublishing.com/a/5385
942 _cCF
999 _c90328
_d90328